000 00376nam a2200145Ia 4500
008 230917s9999||||xx |||||||||||||| ||und||
040 _e202314
_aMAIN
041 _aEnglish
082 _a363.7 S64E
100 _aSingh, Abha Lakshmi, ed.
245 0 _aEnvironment and health
260 _aNew Delhi
_bB R Publishing Corporation
_c2010
300 _avi, 322 p.
942 _cBK
999 _c162471
_d162471